000
00335nam a22001457a 4500
020
_a
978-81-264-2336-1
082
_a
894.812.1
_b
SRE/K
100
_a
KUREEPUZHA SREEKUMAR
245
_a
KUREEPUZHA SREEKUMARINTE KAVITHAKAL
260
_a
KOTTAYAM
_b
DC BOOKS
_c
2018
300
_a
284
520
_a
POETRY
650
_a
POETRY
942
_c
BK
999
_c
4468
_d
4468